General Knowledge #231 - Statistics

General Stats
  • This quiz has been taken 501 times
  • The average score is 11 of 15
Answer Stats
Hint Answer % Correct
Most populated country in the world China
97%
Biggest country in the world Russia
97%
Biggest continent in the world Asia
96%
Biggest country in South America Brazil
94%
Longest river in the world Nile River
94%
Smallest country in the world Vatican City
89%
Continent with most countries Africa
87%
Biggest USA's state (by area) Alaska
83%
Biggest river in the world Amazon River
83%
Highest mount in the world Mount Everest
82%
Most populated USA's state California
77%
Biggest island in the world (not including continent) Greenland
64%
Nepal's capital Kathmandu
43%
Least populated USA's state Wyoming
36%
Bhutan's capital Thimphu
20%
No matching quizzes found
Score Distribution
Percent of People with Each Score
Percentile by Number Answered
Your Score History
You have not taken this quiz